000 00987nam a2200265 4500
001 0000013678
003 CO-CtgCURN
005 20260217194708.0
008 160627s1982 000 0 eng d
040 _aCO-CtgCURN
_bspa
_ccoctgcurn
082 0 _a345.861
_bN83
245 0 3 _aEl Nuevo derecho penal :
_btomo 1, control de constitucionalidad /
_cMartha Lucia Zamora Avila ... [et al.].
260 _aBogotá :
_bEdiciones Forum Pacis,
_c1982.
300 _a459 p.
336 _2rdacontent
337 _2rdamedia
_asin mediacion
_bn
338 _2rdacarrier
_avolumen
_bnc
490 1 _aForum Pacis
505 8 _aJustificacion del trabajo.--El estado social de derecho, el control constitucional y el derecho penal.--Jurisprudencia de la corte constitucional
650 0 _aDerecho penal
_zColombia.
700 1 _aZamora Avila, Martha Lucia.
908 _a160627
942 _cBK
_h345.861
_iN83
_2ddc
999 _c50303
_d50303